• 首页
  • 本馆介绍
  • 公告通知
  • 最新文献
  • 馆藏检索
  • 电子资源
  • 读者导购
  • 参考咨询
  • 我的图书馆
  • 登录
  • 详细信息显示
  • 放入我的书架
  • 预约/预借图书
  • 作者相关作品
  • 分类相关作品
  • 丛书相关作品
  • 出版社相关作品

书目信息

  • 表格格式
  • 工作单格式
  • 卡片格式
题名:
燃料电池系统
    
 
作者: 拉米尼 , 迪克斯 著 ;朱红 译
分册:  
出版信息: 北京   科学出版社  2006
页数: 20,340页
开本: 24cm
丛书名: 可再生能源开发应用技术丛书
单 册:
中图分类: TM911.4
科图分类:
主题词: 燃料电池
电子资源:
ISBN: 7-03-015642-0
000 01324oam2 2200325 450
001 003093419
005 20070805112023.54
010    @a7-03-015642-0@dCNY45.00
035    @a003093419
100    @a20060303d2006 em y0chiy0110 ea
101 1  @achi@ceng
102    @aCN@b110000
105    @aa z 000yy
106    @ar
200 1  @a燃料电池系统@Aran liao dian chi xi tong@e原理·设计·应用@Eyuan li· she ji· ying yong@f(英)詹姆斯·拉米尼,(英)安德鲁·迪克斯著@F( ying ) zhan mu si· la mi ni, ( ying ) an de lu· di ke si zhu@g朱红译@Gzhu hong yi
210    @a北京@c科学出版社@d2006
215    @a20,340页@c图@d24cm
225 2  @a可再生能源开发应用技术丛书@Ake zai sheng neng yuan kai fa ying yong ji shu cong shu
305    @a据原书第2版译出
312    @a英文原名:Fuel cell systems explained
330    @a本书首先对燃料电池的基本原理、种类和应用作概述性的介绍。随后详细介绍主要类型的燃料电池、技术发展前景、燃料电池操作和热力学性能、燃料处理以及氢的存储和生产。
461  0 @1001003105335@12001 @a可再生能源开发应用技术丛书
510 1  @aFuel cell systems explained@zeng
606 0  @a燃料电池
690    @aTM911.4@v4
701  0 @c(英)@a拉米尼@Ala mi ni@4著
701  0 @c(英)@a迪克斯@Adi ke si@4著
702  0 @a朱红@Azhu hong@c(化学)@4译
801  0 @aCN@bNLC@c20070805
905    @dTM911.4@e107@f5
    
    燃料电池系统:原理·设计·应用/(英)詹姆斯·拉米尼,(英)安德鲁·迪克斯著/朱红译.-北京:科学出版社,2006
    20,340页:图;24cm.-(可再生能源开发应用技术丛书)
    
    
    ISBN 7-03-015642-0:CNY45.00
    本书首先对燃料电池的基本原理、种类和应用作概述性的介绍。随后详细介绍主要类型的燃料电池、技术发展前景、燃料电池操作和热力学性能、燃料处理以及氢的存储和生产。
●
相关链接 在E读中查询图书 在五车中查询图书 在当当中查询图书 在豆瓣中查询图书


正题名:燃料电池系统     索取号:TM911.4/107         预约/预借

序号 登录号 条形码 馆藏地/架位号 状态 备注
1 0851280   208512803   第二样本阅览室/ [索取号:TM911.4/107] 在馆    
2 0851281   208512812   第三借阅区/ [索取号:TM911.4/107] 在馆    
3 0851282   208512821   第三借阅区/ [索取号:TM911.4/107] 在馆    
4 0851283   208512830   第三借阅区/ [索取号:TM911.4/107] 在馆    
5 0851284   208512849   第三借阅区/ [索取号:TM911.4/107] 在馆    
唐山师范学院图书馆 欢迎您!
大连网信软件有限公司© 版权所有